000 01692cam a22003614a 4500
001 15077051
005 20080505143132.0
008 071109s2008 ne a b 001 0 eng
010 _a 2007046020
020 _a9780750682800 (hardcover : alk. paper)
020 _a0750682809 (hardcover : alk. paper)
035 _a(OCoLC)ocn144521789
035 _a(OCoLC)144521789
040 _aDLC
_cDLC
_dBTCTA
_dBAKER
_dYDXCP
_dC#P
_dDLC
050 0 0 _aTN880.2
_b.L43 2008
082 0 0 _a622.3385
_222
_bLEA
100 1 _aLea, James Fletcher.
245 1 0 _aGas well deliquification /
_cJames F. Lea, Henry V. Nickens, Mike R. Wells.
250 _a2nd ed.
260 _aAmsterdam ;
_aBoston :
_bGulf Professional Pub./Elsevier,
_cc2008.
300 _axv, 588 p. :
_bill. ;
_c24 cm.
440 0 _aGulf drilling guides
504 _aIncludes bibliographical references and index.
650 0 _aGas wells.
700 1 _aNickens, Henry Valma,
_d1947-
700 1 _aWells, Michael R.
856 4 2 _3Publisher description
_uhttp://www.loc.gov/catdir/enhancements/fy0833/2007046020-d.html
942 _2ddc
_cBB
999 _c11024
_d11024